000 00887nam a2200229Ia 4500
001 17936
003 GE_BSU
008 181216s||||||||xx |||||||||||||| ||und||
040 _cGE_BSU
080 _a821.353.1-32
100 _aმრევლიშვილი, მიხეილ
245 _aმოთხრობები.
245 _cრედ. თ.დაუშვილი. მხატვ. ვ.გაბელია
250 _aმე-2 გამოც
260 _aთბილისი
260 _bსაბჭოთა საქართველო
260 _c1981
300 _a533გვ. ; 21სმ.
653 _aმოთხრობები
653 _aჩვეულებრივი მოთხრობები; თბილისური ნოველები; ხავსმოდებული ნაფოტები
942 _cBK
999 _c50979
_d50979